|
|
|
|
| LEADER |
02833nam a22004697a 4500 |
| 001 |
44466 |
| 003 |
BD-DhAAL |
| 005 |
20250624153354.0 |
| 008 |
250624t2025 bg a|||| b||| 001 0 eng d |
| 020 |
|
|
|a 9789845064620
|
| 040 |
|
|
|a BD-DhAAL
|c BD-DhAAL
|
| 082 |
|
|
|a 307.1416095492
|2 23
|
| 245 |
|
|
|a Next 50 collective futures :
|b critical-creative perspectives on the built environment in Bangladesh /
|c editor-in-chief, Fuad H. Mallick ; executive editors, Tanzil Shafique, Saimum Kabir.
|
| 246 |
|
|
|a Next 50 collective futures
|
| 260 |
|
|
|a Dhaka :
|b University Press Limited,
|c 2025.
|
| 300 |
|
|
|a xiii, 434 pages :
|b illustrations ;
|c 25 cm
|
| 500 |
|
|
|a First published.
|
| 504 |
|
|
|a Includes bibliographical references (pages 407-428) and index.
|
| 541 |
|
|
|a Complimentary copy from Fuad Hassan Mallick,
Professor and Dean
School of Architecture and Design (SoAD), BRAC University
|e 44466, 44467
|
| 650 |
|
|
|a Built environment
|z Bangladesh.
|9 58535
|
| 650 |
|
|
|a City planning
|z Bangladesh.
|
| 650 |
|
|
|a Land use, Urban
|z Bangladesh.
|
| 650 |
|
|
|a Urban renewal
|z Bangladesh.
|9 58536
|
| 650 |
|
|
|a Built environment
|x Environmental aspects
|z Bangladesh.
|9 58548
|
| 700 |
|
|
|a Mallick, Fuad Hassan,
|e editor-in-chief.
|9 3447
|
| 700 |
|
|
|a Shafique, Tanzil,
|e executive editor.
|9 29545
|
| 700 |
|
|
|a Kabir, Saimum,
|e executive editor.
|9 37148
|
| 700 |
|
|
|a Rashid, Md Mizanur,
|e theme editor.
|9 58537
|
| 700 |
|
|
|a Islam, Ishrat,
|e theme editor.
|9 58538
|
| 700 |
|
|
|a Rahman, Mohammed Mahbubur,
|e theme editor.
|9 58539
|
| 700 |
|
|
|a Faruqui Ali, Zainab,
|e theme editor.
|9 58540
|
| 700 |
|
|
|a Islam, Mohammed Zakiul,
|e theme editor.
|9 37147
|
| 700 |
|
|
|a Rashid, Haroon Ur,
|e theme editor.
|9 58541
|
| 700 |
|
|
|a Ahmed, Iftekhar,
|e theme editor.
|
| 700 |
|
|
|a Haq, Saif,
|e theme editor.
|9 58542
|
| 700 |
|
|
|a Latif, Eshrar,
|e theme editor.
|9 58543
|
| 700 |
|
|
|a Villatoro, Paco Mejias,
|e editor of illustration.
|9 29537
|
| 852 |
|
|
|a Ayesha Abed Library
|
| 942 |
|
|
|2 ddc
|c BK
|
| 999 |
|
|
|c 47316
|d 47316
|
| 952 |
|
|
|0 0
|1 0
|2 ddc
|4 0
|6 307_141609549200000_NEX
|7 0
|9 77848
|a BRACUL
|b BRACUL
|c CIR
|d 2025-06-24
|e Complimentary copy from Fuad Hassan Mallick, Professor and Dean, School of Architecture and Design (SoAD), BRAC University
|g 2500.00
|l 0
|o 307.1416095492 NEX
|p 3010044466
|r 2025-06-24
|t 1
|w 2025-06-24
|y 3DAYS
|x Complimentary copy from Fuad Hassan Mallick, Professor and Dean, School of Architecture and Design (SoAD), BRAC University
|
| 952 |
|
|
|0 0
|1 0
|2 ddc
|4 0
|6 307_141609549200000_NEX
|7 0
|9 77849
|a BRACUL
|b BRACUL
|c CIR
|d 2025-06-24
|e Complimentary copy from Fuad Hassan Mallick, Professor and Dean, School of Architecture and Design (SoAD), BRAC University
|g 2500.00
|l 0
|o 307.1416095492 NEX
|p 3010044467
|r 2025-06-24
|t 2
|w 2025-06-24
|y 3DAYS
|x Complimentary copy from Fuad Hassan Mallick, Professor and Dean, School of Architecture and Design (SoAD), BRAC University
|